000
00310nam a22001337a 4500
008
170615b xxu||||| |||| 00| 0 eng d
020
_a
0316984930
041
_a
eng
080
_2
2ND
_a
327
100
_a
19
101
_a
SHP
245
_a
WAR, PEACE AND INTERNATIONAL POLITICS
_c
ZIEGLER,D.W
942
_2
udc
_c
BK
999
_c
17585
_d
17585